000 00949cam a22002897a 4500
003 CHAP
005 20220329134723.0
008 971013s1976 r 00010 d
010 _a24781
011 _a25753
035 _a29853
040 _cCHAP
082 _a338.9722
_bI55
110 _aInstituto de Estudios Políticos, Económicos y Sociales. México
_959122
245 1 0 _aEstado de Baja California Norte
260 _aMéxico, D.F. :
_bEl Instituto,
_c(1976?)
300 _a(76) p
590 _aBATCH-UPD
_b10
_c20130110
_lUCH01
_h1932
590 _aBATCH-UPD
_b10
_c20130410
_lUCH01
_h1256
590 _aBATCH-UPD
_b10
_c20130914
_lUCH01
_h0523
590 _aCONVERSION
_b10
_c20130109
_lUCH01
_h1314
650 1 4 _aBaja California
_xCondiciones económicas.
_99483
650 1 4 _aBaja California
_xCondiciones sociales.
_99485
901 _aBK
942 _cLIBRO
949 _a338.9722 I55
_bBC
_cLIBRO
_d33724000436150
_eLIBRO
_h67591
_i29853
_mD
_si
999 _c24781
_d24781